Juvenal and Persius
Αποθηκεύτηκε σε:
| Κύριος συγγραφέας: | |
|---|---|
| Άλλοι συγγραφείς: | , |
| Μορφή: | Βιβλίο |
| Γλώσσα: | English Latin |
| Δημοσίευση: |
Cambridge, Mass.; London, England :
Harvard University Press,
1993
|
| Σειρά: | Loeb classical library ;
; 91 |
| Θέματα: | |
| Ετικέτες: |
Προσθήκη ετικέτας
Δεν υπάρχουν, Καταχωρήστε ετικέτα πρώτοι!
|
MARC
| LEADER | 00000nam a2200000 i 4500 | ||
|---|---|---|---|
| 001 | 1/1720 | ||
| 008 | 950714s1993 eng d | ||
| 020 | |a 0-674-99102-8 | ||
| 035 | |l 10014550 | ||
| 040 | |a GR-MY-UA |b gre |e aacr | ||
| 041 | 0 | |a eng |a lat | |
| 082 | 0 | |a 871.01 | |
| 100 | 1 | |a Juvenal, Decimus Junius. | |
| 245 | 1 | 0 | |a Juvenal and Persius / |c Juvenal; Persius ; μετάφραση: G. G. Ramsay |
| 260 | |a Cambridge, Mass.; London, England : |b Harvard University Press, |c 1993 | ||
| 300 | |a 414 σ.; |c 17 εκ. | ||
| 490 | 1 | |a Loeb classical library |v ; 91 | |
| 500 | |a Πρώτη έκδ. 1918, τελευταία ανατύπωση 1993 | ||
| 600 | 1 | 0 | |a Juvenal. |
| 600 | 1 | 0 | |a Persius. |
| 650 | 0 | 0 | |a Verse satire, Latin. |
| 651 | 0 | |a Rome |x Poetry. | |
| 700 | 1 | |a Persius, Aulus Persius Flaccus. | |
| 700 | 1 | |a Ramsay, George Gilbert |d 1839-1921. |4 trl | |
| 830 | 0 | |a Loeb classical library ; |v ; 91 | |
| 852 | |a INST |b CHIOS |e 19960624 |h 877.01 JUV |p 005200017545 |q 005200017545 |t BK |y 0 | ||
| 852 | |a INST |b LESVOS |e 19950714 |h 871.01 JUV |p 005100007623 |q 005100007623 |t BK |y 0 | ||
| 909 | |a Λ |b 032936 | ||
| 909 | |a Χ |b 031817 | ||
| 922 | |a 1ΔΩΡ |b 199311 | ||
| 922 | |a 2ΕΛΗ |b 199311 |c ΦΡΑΓΚΟΜΙΧΑΛΟΣ |d LEADER BOOKS | ||